| 000 | 01276nam a22003137a 4500 | ||
|---|---|---|---|
| 003 | PE SENCICO BE | ||
| 005 | 20260224171308.0 | ||
| 008 | 251113b |||||||| |||| 00| 0 eng d | ||
| 017 | _2B-30866-2002 | ||
| 020 | _a84-8236-246-1 | ||
| 040 |
_aPE SENCICO BE _cPE SENCICO BE |
||
| 041 | _aspa | ||
| 082 |
_a721.822 _bL84 |
||
| 100 | 1 |
_aLorente Herrera, Juan B. _935 _eautor |
|
| 245 | 1 |
_aPuertas de madera, puertas de interior, puertas principales / _cJuan B. Lorente Herrera, Lluis Llasó Teixidó ; editor: Anna García Pascual |
|
| 250 | _a[1a ed.] | ||
| 260 |
_a[España] : _bLexus Editores, _c2007 |
||
| 300 |
_a236 páginas : _bIlustraciones ; _c34 cm. |
||
| 505 | 0 | _aPuertas de interior -- Puertas principales | |
| 520 | 3 | _aDescribe la valoración más acertada de las puertas que se sitúan en ambientes de épocas pasadas, se eligen con seguridad y acierto las puertas que, reuniendo todas las prestaciones actualmente necesarias, ofreciendo también materiales nobles, formas y estilos artísticos. | |
| 650 | 0 |
_aPuertas _9337 |
|
| 650 | 2 | 0 |
_aCarpintería _9428 |
| 650 | 2 | 0 |
_aEbanistería _9429 |
| 650 | 2 | 0 |
_aMadera _9310 |
| 650 | 2 | 0 |
_aHerramientas _9430 |
| 700 | 1 |
_aGarcía Pascual, Anna _936 _eautor |
|
| 910 | _ahfp | ||
| 942 |
_2ddc _cLIB |
||
| 999 |
_c9758 _d9758 |
||